| 000 | 00607nam a2200193 u 4500 | ||
|---|---|---|---|
| 005 | 20240919063955.0 | ||
| 008 | 180702s2014 r 000 0 eng d | ||
| 035 | _aUPN01000225845 | ||
| 049 | _aF | ||
| 050 | 4 |
_aJL1298 R4 _bO3.3 |
|
| 245 | 0 | 0 |
_a85 años del gran partido político de México : _b4 de marzo de 2014. |
| 260 |
_aMéxico : _bPRI, _c2014. |
||
| 300 |
_a23 p. : _bil. col. |
||
| 440 | 0 | _aDiscursos de la transformación | |
| 610 | 2 | 4 |
_aPartido Revolucionario Institucional (México) _96042 |
| 651 | 7 |
_aMéxico _xPolítica y gobierno _y2000- _2 _918481 |
|
| 905 | _aLibro | ||
| 999 |
_c197941 _d197941 |
||